| 000 | 00732nam a22002177a 4500 | ||
|---|---|---|---|
| 005 | 20160107084636.0 | ||
| 008 | 160107b us||||| |||| 00| 0 eng d | ||
| 020 | _a9789027223784 | ||
| 050 | 0 | 4 |
_aP165 _bD57 2009 |
| 245 | 0 | 4 |
_aNew directions in cognitive linguistics / _ced. Vyvyan Evans; Stéphanie Pourcel |
| 250 | _a1a ed. | ||
| 260 |
_aAmsterdam ; Philadelphia : _bJohn Benjamins Pub. Co., _c2009. |
||
| 300 |
_a519 p. : _bil, _c25 cm. |
||
| 490 | 0 |
_aHuman cognitive processing, _vv. 24. |
|
| 650 | 4 | _aGramática cognitiva | |
| 650 | 4 | _aLingüística. | |
| 650 | 4 | _aArtes de lenguas y disciplinas - Gramática y Puntuación. | |
| 700 | 1 |
_aEvans, Vyvyan, _eed. |
|
| 700 | 1 |
_aPourcel, Stephanie, _eed. |
|
| 942 |
_2lcc _cLIB |
||
| 999 |
_c110923 _d110923 |
||